Memoria que a la Junta General de la Asociación de Propietarios de Fincas Urbanas de Madrid y su Zona de Ensanche presenta la directiva el 26 de noviembre de 1876. (Record no. 169940)

MARC details
000 -LEADER
campo de control de longitud fija 00705nam a22001575i 4500
001 - NÚMERO DE CONTROL
campo de control 169940
003 - IDENTIFICADOR DE NÚMERO DE CONTROL
campo de control ES-MaACL
005 - FECHA Y HORA DE LA ÚLTIMA TRANSACCIÓN
campo de control 20230906214239.0
008 - DATOS DE LONGITUD FIJA--INFORMACIÓN GENERAL
campo de control de longitud fija 081222s1876 sp |||| | spa d
110 2# - ENTRADA PRINCIPAL--NOMBRE DE ENTIDAD CORPORATIVA
Nombre de entidad corporativa o nombre de jurisdicción como elemento de entrada Asociación de Propietarios de Fincas Urbanas de Madrid y su Zona de Ensanche.
9 (RLIN) 1629
245 10 - MENCIÓN DEL TÍTULO
Título Memoria que a la Junta General de la Asociación de Propietarios de Fincas Urbanas de Madrid y su Zona de Ensanche presenta la directiva el 26 de noviembre de 1876.
260 ## - PUBLICACIÓN, DISTRIBUCIÓN, ETC.
Lugar de publicación, distribución, etc. Madrid :
Nombre del editor, distribuidor, etc. [s.n.],
Fecha de publicación, distribución, etc. 1876 (
Fabricante José C. Conde)
300 ## - DESCRIPCIÓN FÍSICA
Extensión 54 p. ;
Dimensiones 21 cm.
610 24 - PUNTO DE ACCESO ADICIONAL DE MATERIA--NOMBRE DE ENTIDAD CORPORATIVA
Nombre de entidad corporativa o nombre de jurisdicción como elemento de entrada Asociación de Propietarios de Fincas Urbanas de Madrid y su Zona de Ensanche-
Subdivisión de forma Memorias.
9 (RLIN) 150847
852 ## - LOCALIZACIÓN
Ubicación ES-MaACL
Número de control de estantería T-208-F-5
Holdings
Estatus retirado Estado de pérdida Estado de daño No para préstamo Colección Biblioteca de origen Biblioteca actual Ubicación en estantería Fecha de adquisición Fuente de adquisición Total de préstamos Signatura topográfica completa Código de barras Visto por última vez Precio de reemplazo Tipo de ítem Koha
        Colección de folletos Biblioteca del Ateneo de Madrid Biblioteca del Ateneo de Madrid Depósito folletos 22/12/2008     T-208-F-5 1178417 23/02/2023 23/02/2023 Folleto